[Event "44th Sparkassen Open"]
[Site "Dortmund GER"]
[Date "2016.07.11"]
[Round "3.13"]
[White "Liard, Thibaud"]
[Black "Knudsen, Martin"]
[Result "1/2-1/2"]
[WhiteElo "2183"]
[BlackElo "2018"]
[WhiteFideId "649775"]
[BlackFideId "1406523"]
[EventDate "2016.07.09"]

1. d4 Nf6 2. c4 e6 3. g3 d5 4. Bg2 Nbd7 5. Nf3 dxc4 6. Qa4 a6 7. Qxc4 b5 8. Qc2
Bb7 9. O-O Be7 10. Bf4 Rc8 11. a4 b4 12. Nbd2 c5 13. Qd3 O-O 14. Rac1 Nd5 15.
Nc4 Nxf4 16. gxf4 Nf6 17. Rfd1 Qc7 18. dxc5 Bxc5 19. Nfe5 Rfd8 20. Qc2 Rxd1+ 21.
Rxd1 Bd5 22. b3 Qb7 23. Bf3 Qa7 24. e3 Qb7 25. Qe2 Qa8 26. Nd2 g6 27. Rc1 Bd6
28. Rxc8+ Qxc8 29. Nec4 Bxf3 30. Nxf3 Bc5 31. Qd3 Nd5 32. Nfe5 Be7 33. Qd2 Qd8
34. Qe2 Qc7 35. Nd2 Qc3 36. Ne4 Qc8 37. Qc4 Qxc4 38. Nxc4 h6 39. Kf1 Kf8 40. Ke2
f5 41. Ned2 g5 42. fxg5 hxg5 43. h3 Bf6 44. e4 Nf4+ 45. Ke3 Nxh3 46. exf5 exf5
47. Nd6 f4+ 48. Kf3 Be7 49. N6e4 Kf7 50. Kg4 Ng1 51. Nxg5+ Bxg5 52. Kxg5 Nh3+
53. Kg4 Nxf2+ 54. Kxf4 Ke6 55. Ke3 Ng4+ 56. Kd4 Kd6 57. Kc4 Kc6 58. Kxb4 Kb6 59.
Nc4+ Ka7 60. Ka5 Nf6 61. Nb6 Kb7 62. b4 Ka7 63. Nc8+ Kb7 64. Nd6+ Ka7 65. b5
axb5 66. Kxb5 Nd5 67. a5 Nc7+ 68. Kc6 Ka6 69. Kxc7 Kxa5 1/2-1/2

[Event "44th Sparkassen Open"]
[Site "Dortmund GER"]
[Date "2016.07.11"]
[Round "3.15"]
[White "Korten, Lando"]
[Black "Heinert, Eugen"]
[Result "1-0"]
[WhiteElo "2000"]
[BlackElo "2171"]
[WhiteFideId "12989606"]
[BlackFideId "24621390"]
[EventDate "2016.07.09"]

1. d4 d5 2. c4 c6 3. Nc3 Nf6 4. Nf3 dxc4 5. e3 b5 6. a4 b4 7. Ne2 e6 8. Ng3 Ba6
9. Bd2 c5 10. Rc1 Qd5 11. Qc2 Nbd7 12. e4 Qb7 13. e5 Nd5 14. Bxc4 Be7 15. O-O
cxd4 16. Rfe1 d3 17. Qxd3 Bxc4 18. Qxc4 Nc5 19. Bg5 Nxa4 20. Bxe7 Nxe7 21. Ne4
O-O 22. Nd6 Qb6 23. Qc2 b3 24. Qc4 Nc5 25. Qd4 Nd7 26. Qe4 Ng6 27. Rc6 Qa5 28.
Nc4 Qb4 29. h4 Rac8 30. h5 Rxc6 31. Qxc6 Ngxe5 32. Ncxe5 Nxe5 33. Rxe5 h6 34.
Qe4 Qb6 35. Qc4 Rd8 36. Rb5 Rd1+ 37. Kh2 Qd6+ 38. g3 Qd3 39. Qc8+ Kh7 40. Rb8
Rh1+ 41. Kxh1 Qd1+ 42. Kg2 Qxf3+ 43. Kg1 Qxh5 44. Qc3 Qd1+ 45. Kg2 Qd5+ 46. Kg1
Qf3 1-0

[Event "44th Sparkassen Open"]
[Site "Dortmund GER"]
[Date "2016.07.11"]
[Round "3.16"]
[White "Stein, Robert"]
[Black "Kueppers, Timo"]
[Result "1-0"]
[WhiteElo "2169"]
[BlackElo "1967"]
[WhiteFideId "12921084"]
[BlackFideId "16205820"]
[EventDate "2016.07.09"]

1. d4 Nf6 2. c4 e6 3. Nc3 Bb4 4. Qc2 d5 5. Nf3 Ne4 6. a3 Bxc3+ 7. bxc3 O-O 8. e3
Nd7 9. Bd3 f5 10. O-O c6 11. cxd5 cxd5 12. c4 Ndf6 13. a4 Rf7 14. Ba3 Rc7 15.
Ne5 b6 16. f3 Nd6 17. Qb3 Bb7 18. cxd5 Bxd5 19. Qb4 Nb7 20. Rae1 Na5 21. e4 fxe4
22. fxe4 Bc4 23. Nxc4 Nxc4 24. d5 Nxa3 25. Qxa3 exd5 26. e5 Nd7 27. Bxh7+ Kxh7
28. Qh3+ Kg8 29. Qe6+ Kh8 30. Re3 Rc4 31. Qxd5 Rac8 32. Rd1 Qg5 33. Rh3+ Rh4 34.
e6 Qxd5 35. Rxh4+ Kg8 36. Rxd5 Nf6 37. Rd1 Re8 38. Re1 Re7 39. Rd4 g6 40. g4 g5
41. Re5 Nh7 42. Rd7 Kf8 43. Rf5+ Ke8 44. Rxe7+ 1-0

[Event "44th Sparkassen Open"]
[Site "Dortmund GER"]
[Date "2016.07.11"]
[Round "3.17"]
[White "Savchenko, Daniel"]
[Black "Kruse, Janik"]
[Result "1-0"]
[WhiteElo "1942"]
[BlackElo "2153"]
[WhiteFideId "12919195"]
[BlackFideId "16200250"]
[EventDate "2016.07.09"]

1. e4 e5 2. Nf3 Nc6 3. Bb5 a6 4. Ba4 Nf6 5. d4 exd4 6. O-O Bc5 7. e5 Ng8 8. Re1
Nge7 9. Ng5 d5 10. exd6 Qxd6 11. Ne4 Qe5 12. f4 Qf5 13. g4 Qg6 14. Nxc5 Bxg4 15.
Bxc6+ bxc6 16. Qd3 Bf5+ 17. Qg3 Qd6 18. Nd3 O-O-O 19. Nd2 Rhe8 20. Nf3 c5 21. b3
Nd5 22. Bd2 Be4 23. Nde5 Bxf3 24. Qxf3 Re7 25. Kf2 Rde8 26. Nc4 Qd7 27. Rxe7
Rxe7 28. Re1 Rxe1 29. Bxe1 Qf5 30. Bd2 Kd7 31. Qd3 Qh5 32. Qf3 Qf5 33. Ne5+ Kd6
34. Qg4 Qxg4 35. Nxg4 Nb4 36. Bxb4 cxb4 37. Ne5 f6 38. Nc4+ Kd5 39. Kf3 d3 40.
cxd3 Kd4 41. Ke2 g5 42. f5 h5 43. h3 g4 44. hxg4 hxg4 45. Ne3 g3 46. Ng4 g2 47.
Kf2 g1=Q+ 48. Kxg1 1-0

[Event "44th Sparkassen Open"]
[Site "Dortmund GER"]
[Date "2016.07.11"]
[Round "3.18"]
[White "Rott, Georg"]
[Black "Kiehn, Andreas"]
[Result "1-0"]
[WhiteElo "2139"]
[BlackElo "1926"]
[WhiteFideId "4633393"]
[BlackFideId "12922250"]
[EventDate "2016.07.09"]

1. e4 c6 2. d4 d5 3. e5 Bf5 4. Nf3 e6 5. Be2 c5 6. Be3 Qb6 7. Nc3 Qxb2 8. Nb5 c4
9. Nc7+ Kd7 10. Nxa8 Bxc2 11. Qc1 Bb4+ 12. Bd2 c3 13. Bd3 Ba3 14. O-O Nc6 15.
Qe1 Nge7 16. Rd1 Bb4 17. Rc1 Qxa2 18. Bb5 h6 19. Ra1 Qb3 20. Rxa7 Bd3 21. Rxb7+
Kc8 22. Bxc6 Nxc6 23. Rc7+ Kb8 24. Rxc6 Kxa8 25. Rc7 c2 26. Qa1+ Ba3 27. Rc3 1-0

[Event "44th Sparkassen Open"]
[Site "Dortmund GER"]
[Date "2016.07.11"]
[Round "3.19"]
[White "Stemmler, Fabian"]
[Black "Koellner, Christof"]
[Result "0-1"]
[WhiteElo "1931"]
[BlackElo "2133"]
[WhiteFideId "12964808"]
[BlackFideId "4635787"]
[EventDate "2016.07.09"]

1. e4 d6 2. d4 Nf6 3. Nc3 e5 4. Nf3 exd4 5. Nxd4 Be7 6. Bf4 O-O 7. Qd2 Nc6 8.
O-O-O Nxd4 9. Qxd4 Be6 10. f3 Nd7 11. Nd5 Nb6 12. Nxe7+ Qxe7 13. Kb1 Rad8 14. c4
f6 15. Bd3 a5 16. g4 Ra8 17. h4 a4 18. Bd2 Qf7 19. Rc1 Nd7 20. Rhg1 Ne5 21. f4
Nf3 22. Qe3 Nxg1 23. f5 Bd7 24. Rxg1 Rfe8 25. Qf4 Bc6 26. g5 Re5 27. Bc3 Rae8
28. Bxe5 Rxe5 29. h5 fxg5 30. Rxg5 Qf6 31. Rg1 Kh8 32. Re1 Be8 33. Rh1 h6 34.
Qf2 b6 35. a3 Qg5 36. Qe2 Bc6 37. Rf1 Be8 38. Rh1 Bf7 39. Bc2 Qxf5 40. exf5 Rxe2
41. Bxa4 Bxc4 42. Rc1 Bd3+ 43. Ka2 b5 44. Bb3 c5 45. Be6 Re5 46. Rd1 Bxf5 47.
Bxf5 Rxf5 48. Rxd6 Rxh5 49. Rb6 c4 50. a4 bxa4 51. Rb4 Rc5 52. Rxa4 c3 53. bxc3
Rxc3 54. Ra7 Rc6 55. Kb3 Kh7 56. Kb4 Rc1 57. Kb5 Kg6 58. Ra6+ Kh5 59. Ra2 g5 60.
Rh2+ Kg6 0-1

[Event "44th Sparkassen Open"]
[Site "Dortmund GER"]
[Date "2016.07.11"]
[Round "3.20"]
[White "Eckardt, Joshua"]
[Black "Knudsen, Simon"]
[Result "1-0"]
[WhiteElo "2133"]
[BlackElo "1873"]
[WhiteFideId "12941646"]
[BlackFideId "12985546"]
[EventDate "2016.07.09"]

1. d4 d5 2. c4 c6 3. Nf3 e6 4. Nc3 dxc4 5. g3 b5 6. Bg2 Bb7 7. O-O Nd7 8. e4
Ngf6 9. e5 Nd5 10. Ng5 Be7 11. Qh5 g6 12. Qh6 Bf8 13. Qh3 Nxc3 14. bxc3 Be7 15.
Ne4 Rb8 16. Bh6 Rg8 17. Bg5 Bxg5 18. Qxh7 Rf8 19. Nd6+ Ke7 20. f4 Bf6 21. Be4
Qb6 22. Bxg6 Nxe5 23. fxe5 Bxe5 24. Nxf7 Bxd4+ 25. cxd4 Qxd4+ 26. Kg2 c5+ 27.
Kh3 Bd5 28. Ne5+ Kd6 29. Qd7+ Kxe5 30. Qc7# 1-0

[Event "44th Sparkassen Open"]
[Site "Dortmund GER"]
[Date "2016.07.11"]
[Round "3.21"]
[White "Schuelke, Tilman"]
[Black "Pollmueller, Michael"]
[Result "1/2-1/2"]
[WhiteElo "1923"]
[BlackElo "2076"]
[WhiteFideId "4647475"]
[BlackFideId "16208749"]
[EventDate "2016.07.09"]

1. b3 e5 2. Bb2 Nc6 3. e3 Nf6 4. d3 d5 5. h3 h5 6. a3 h4 7. Be2 Bf5 8. c4 Bg6 9.
Nf3 Bxd3 10. Bxd3 e4 11. Be2 exf3 12. Bxf3 dxc4 13. Bxc6+ bxc6 14. Qxd8+ Rxd8
15. Bxf6 gxf6 16. bxc4 Rg8 17. Rg1 Rd3 18. Ke2 Rb3 19. Nd2 Rxa3 20. Rxa3 Bxa3
21. Ra1 Bb4 22. Rxa7 Rxg2 23. Nf3 Kd7 24. Ra8 Kd6 25. Rh8 Kc5 26. Rxh4 Bc3 27.
Ne1 Bxe1 28. Kxe1 Kb4 29. Rf4 Rg6 30. Kd2 Rh6 31. h4 c5 32. Ke2 Kc3 33. Kf3 Kd3
34. Kg4 c6 35. Kf5 Kc3 36. Kg4 1/2-1/2

[Event "44th Sparkassen Open"]
[Site "Dortmund GER"]
[Date "2016.07.11"]
[Round "3.22"]
[White "Wastian, Jan"]
[Black "Lewin, Tammo"]
[Result "1/2-1/2"]
[WhiteElo "1877"]
[BlackElo "2041"]
[WhiteFideId "12911640"]
[BlackFideId "4668596"]
[EventDate "2016.07.09"]

1. e4 Nc6 2. Nf3 Nf6 3. e5 Nd5 4. c4 Nb6 5. d4 d6 6. exd6 exd6 7. h3 Bf5 8. Be2
Be7 9. O-O O-O 10. Be3 Bf6 11. Nc3 Re8 12. Qd2 d5 13. b3 dxc4 14. bxc4 Na5 15.
c5 Nbc4 16. Qc1 Nxe3 17. fxe3 Qd7 18. Qd2 Qe6 19. Kf2 Nc4 20. Bxc4 Qxc4 21. Rfe1
Rad8 22. Rad1 Bg6 23. e4 Bh5 24. Nd5 Re6 25. Nxc7 1/2-1/2

[Event "44th Sparkassen Open"]
[Site "Dortmund GER"]
[Date "2016.07.11"]
[Round "3.23"]
[White "Winkel, Peter"]
[Black "Garbuz, Vitaliy"]
[Result "1-0"]
[WhiteElo "2038"]
[BlackElo "1907"]
[WhiteFideId "12954756"]
[BlackFideId "12990710"]
[EventDate "2016.07.09"]

1. d4 Nf6 2. c4 e5 3. dxe5 Ng4 4. Bf4 g5 5. Bg3 Bg7 6. Nf3 Nc6 7. Nc3 Ngxe5 8.
Nxe5 Nxe5 9. e3 d6 10. Be2 Be6 11. O-O O-O 12. Rc1 Nxc4 13. Nb5 c6 14. Bxc4 Bxc4
15. Rxc4 cxb5 16. Rb4 a6 17. Qd5 Qe7 18. h4 Qe6 19. Qxg5 h6 20. Qh5 Rac8 21. Rd1
Rfd8 22. Qe2 Rc4 23. Rxc4 bxc4 24. Qc2 b5 25. Rd2 b4 26. a3 c3 27. bxc3 bxc3 28.
Rd3 Qg6 29. Rxc3 Bxc3 30. Qxc3 Qe6 31. Qa5 Rc8 32. Qxa6 Rc1+ 33. Kh2 Qa2 34.
Qxd6 Qa1 35. Be5 Rh1+ 36. Kg3 Qd1 37. Qxh6 f6 38. Qg6+ Kf8 39. Qxf6+ Ke8 40.
Qe6+ Kf8 41. Qd6+ Ke8 42. Qxd1 Rxd1 43. Bc3 1-0

[Event "44th Sparkassen Open"]
[Site "Dortmund GER"]
[Date "2016.07.11"]
[Round "3.24"]
[White "Voicu-Jagodzinsky, Carmen"]
[Black "Phunhon Lopez, Daniel Alejandro"]
[Result "1/2-1/2"]
[WhiteTitle "WGM"]
[WhiteElo "2263"]
[BlackElo "1958"]
[WhiteFideId "1206729"]
[BlackFideId "12952567"]
[EventDate "2016.07.09"]

1. e4 c5 2. Nf3 e6 3. d4 cxd4 4. Nxd4 a6 5. Nc3 Qc7 6. Be2 Nc6 7. Be3 Nf6 8. O-O
Bb4 9. Nxc6 dxc6 10. Na4 O-O 11. Nb6 Rb8 12. Bd3 c5 13. Nxc8 Rbxc8 14. c4 e5 15.
Qe2 Nd7 16. Rab1 Ba5 17. a3 Bb6 18. Qg4 Kh8 19. Qg3 Qd6 20. Rfd1 Qe7 21. Be2 Nf6
22. Bg5 Rfd8 23. Qh4 Rxd1+ 24. Rxd1 Rd8 25. Rd5 Qe6 26. Bxf6 Qxf6 27. Qxf6 gxf6
28. Bg4 a5 29. Bd7 Kg7 30. f3 Kf8 31. Kf2 Ke7 32. Bf5 h6 33. Kg3 Rxd5 34. exd5
Bc7 35. Kg4 Kf8 36. Be4 Kg7 37. Kf5 Bd6 38. h4 b6 39. h5 Bc7 40. Bc2 Bd6 41. Ke4
Kf8 42. Kd3 Ke7 43. Kc3 Kd7 44. Kb3 Be7 45. Ka4 Kc7 46. Kb5 Bd6 47. Bh7 Be7 48.
g4 Bd6 49. Bg8 f5 50. gxf5 f6 1/2-1/2

[Event "44th Sparkassen Open"]
[Site "Dortmund GER"]
[Date "2016.07.11"]
[Round "3.25"]
[White "Sicars, Thorsten"]
[Black "Brockhaus, Philip"]
[Result "0-1"]
[WhiteElo "2066"]
[BlackElo "1881"]
[WhiteFideId "12904090"]
[BlackFideId "12954721"]
[EventDate "2016.07.09"]

1. d4 d5 2. Bf4 Nf6 3. e3 c5 4. Nc3 Qa5 5. Qd2 Bf5 6. Bb5+ Nc6 7. Nf3 e6 8. Ne5
Rc8 9. O-O Be7 10. a3 cxd4 11. exd4 Qb6 12. Rab1 O-O 13. Rfd1 Rfd8 14. Ba4 Na5
15. Qe1 Nc4 16. Bb3 Qa5 17. Bd2 Nxd2 18. Qxd2 a6 19. Nxd5 Rxd5 0-1

[Event "44th Sparkassen Open"]
[Site "Dortmund GER"]
[Date "2016.07.11"]
[Round "3.27"]
[White "Oezen, Alf"]
[Black "Klueting, Reiner"]
[Result "1/2-1/2"]
[WhiteElo "1970"]
[BlackElo "1907"]
[WhiteFideId "12985430"]
[BlackFideId "4644760"]
[EventDate "2016.07.09"]

1. Nf3 Nf6 2. g3 b6 3. Bg2 Bb7 4. d3 d6 5. b4 g6 6. O-O Bg7 7. Bb2 O-O 8. c4
Nbd7 9. Nbd2 a5 10. a3 axb4 11. axb4 Rxa1 12. Qxa1 Qa8 1/2-1/2

[Event "44th Sparkassen Open"]
[Site "Dortmund GER"]
[Date "2016.07.11"]
[Round "3.29"]
[White "Jelica, Mara"]
[Black "Hartung, Thomas2"]
[Result "0-1"]
[WhiteTitle "WIM"]
[WhiteElo "2129"]
[BlackElo "2018"]
[WhiteFideId "14504111"]
[BlackFideId "4639146"]
[EventDate "2016.07.09"]

1. e4 e5 2. Nf3 Nc6 3. d4 exd4 4. Nxd4 Nf6 5. Nxc6 bxc6 6. Bd3 Bc5 7. O-O d6 8.
Bg5 h6 9. Bh4 g5 10. Bg3 h5 11. h4 Ng4 12. hxg5 Qxg5 13. Qf3 h4 14. Bf4 Qf6 15.
Nc3 h3 16. e5 dxe5 17. Rae1 hxg2 18. Kxg2 Ne3+ 19. fxe3 Bh3+ 20. Kf2 exf4 21.
Qe4+ Kf8 22. Ke2 Bxf1+ 23. Rxf1 Re8 24. Rxf4 Rxe4 25. Rxf6 Rxe3+ 26. Kd2 Rh2+
27. Ne2 Re6 28. Rf5 Bd6 29. Kd1 Rhh6 30. c3 Rhf6 31. Rh5 Ke7 32. Kd2 c5 33. Rh8
Be5 34. Bb5 Rd6+ 35. Kc2 c6 36. Bc4 Rh6 37. Ra8 Rd7 38. Rg8 Rg6 39. Rc8 Rgd6 40.
Rg8 Rd2+ 41. Kc1 Rd1+ 42. Kc2 R7d2+ 43. Kb3 Rb1 44. Rg5 Rbxb2+ 45. Ka3 Rxe2 0-1

[Event "44th Sparkassen Open"]
[Site "Dortmund GER"]
[Date "2016.07.11"]
[Round "3.30"]
[White "Maniocha, Marek"]
[Black "Althoff, Ralph"]
[Result "0-1"]
[WhiteElo "1982"]
[BlackElo "2122"]
[WhiteFideId "4636821"]
[BlackFideId "4623177"]
[EventDate "2016.07.09"]

1. e4 c5 2. Nf3 e6 3. d4 cxd4 4. Nxd4 Nf6 5. Bd3 Nc6 6. Be3 d5 7. Nxc6 bxc6 8.
exd5 cxd5 9. O-O Bd6 10. Bb5+ Bd7 11. Bxd7+ Qxd7 12. Nd2 O-O 13. Bg5 Be5 14. c3
Ne8 15. Nf3 Bd6 16. Qd3 Rb8 17. b3 Nc7 18. Rfe1 Rfc8 19. Bh4 h6 20. Rad1 a5 21.
Ne5 Bxe5 22. Rxe5 f6 23. Ree1 Qf7 24. f4 Rb6 25. Bf2 Rc6 26. Rc1 Ne8 27. Bd4 Nd6
28. Rc2 Nf5 29. Rec1 Qd7 30. g3 Qd6 31. Bf2 a4 32. g4 Ne7 33. Qd4 axb3 34. axb3
h5 35. h3 Rb8 36. Rb1 hxg4 37. hxg4 Rc4 38. bxc4 Rxb1+ 39. Kg2 e5 40. Qc5 Qd7
41. f5 Qb7 42. Kg3 d4 43. Re2 Rb3 44. Bxd4 exd4 45. Qxd4 Qc7+ 46. Kg2 Kf7 47. c5
Qc6+ 48. Kf2 Rb5 49. Qc4+ Kf8 50. Qa2 Qxc5+ 51. Re3 Qb6 52. Qa8+ Qb8 53. Qe4
Qh2+ 54. Ke1 Rb1+ 0-1

[Event "44th Sparkassen Open"]
[Site "Dortmund GER"]
[Date "2016.07.11"]
[Round "3.31"]
[White "Huhs, Sven"]
[Black "Geerling, Anton"]
[Result "1-0"]
[WhiteElo "2034"]
[BlackElo "2008"]
[WhiteFideId "24669130"]
[BlackFideId "12976733"]
[EventDate "2016.07.09"]

1. d4 Nf6 2. c4 g6 3. Nc3 d5 4. cxd5 Nxd5 5. e4 Nxc3 6. bxc3 Bg7 7. Nf3 c5 8.
Rb1 Nc6 9. d5 Na5 10. Bd2 b6 11. c4 Nb7 12. Bd3 e5 13. O-O O-O 14. Qc1 Nd6 15.
Bh6 f6 16. Bxg7 Kxg7 17. Qc3 Re8 18. a4 Bd7 19. Ra1 Qc7 20. a5 b5 21. cxb5 c4
22. Rfc1 Bxb5 23. Nd2 Rec8 24. Bf1 Rab8 25. Rab1 a6 26. h3 Qd8 27. Qa3 Rc7 28.
Rc3 Rbc8 29. Rbc1 Kf7 30. Qb4 Kg7 31. g3 f5 32. exf5 gxf5 33. Re3 c3 34. Rexc3
Bxf1 35. Kxf1 Nb5 36. Rxc7+ Rxc7 37. Rxc7+ Qxc7 38. Nc4 Kf6 39. Nb6 Qd6 40. Qh4+
Kg7 41. Qg5+ Qg6 42. Qe7+ Qf7 43. Qxe5+ Qf6 44. f4 Qxe5 45. fxe5 Nd4 46. Kf2 Nb3
47. Nc4 1-0

[Event "44th Sparkassen Open"]
[Site "Dortmund GER"]
[Date "2016.07.11"]
[Round "3.32"]
[White "Heldt, Maximilian"]
[Black "Busche, Klaus"]
[Result "1-0"]
[WhiteElo "1975"]
[BlackElo "2033"]
[WhiteFideId "12952346"]
[BlackFideId "24604631"]
[EventDate "2016.07.09"]

1. e4 d5 2. exd5 Nf6 3. Bb5+ Nbd7 4. c4 a6 5. Ba4 b5 6. cxb5 Nxd5 7. Nc3 N5b6 8.
Bc2 Bb7 9. Nf3 axb5 10. Nxb5 c6 11. Nc3 e6 12. O-O Be7 13. d4 O-O 14. Re1 Nf6
15. Bg5 Nfd5 16. Qd3 g6 17. Bh6 Ba6 18. Qd1 Nc4 19. Nxd5 cxd5 20. b3 Na3 21. Bd3
Qb6 22. Bxf8 Bxf8 23. Bxa6 Rxa6 24. Rc1 Nb5 25. a4 Nd6 26. Ne5 Qb7 27. Nd3 Ra7
28. Re2 Nf5 29. Ne5 Qb6 30. Rd2 Bh6 31. Rc8+ Kg7 32. Rd3 Ne7 33. Rc2 f6 34. Ng4
Bg5 35. g3 h5 36. h4 Bxh4 37. gxh4 hxg4 38. Qxg4 Nf5 39. Qf4 Kf7 40. Rc8 Ne7 41.
Rh8 Nf5 42. Rc3 e5 43. dxe5 d4 44. e6+ Kxe6 45. Qe4+ Kd6 46. Rd8+ Rd7 47. Rxd7+
Kxd7 48. Qd5+ Nd6 49. Rd3 Ke7 50. Rxd4 Qc7 51. Qxd6+ 1-0

[Event "44th Sparkassen Open"]
[Site "Dortmund GER"]
[Date "2016.07.11"]
[Round "3.33"]
[White "Biermann, Florian"]
[Black "Schimnatkowski, Lukas"]
[Result "0-1"]
[WhiteElo "1924"]
[BlackElo "2030"]
[WhiteFideId "12970069"]
[BlackFideId "12936723"]
[EventDate "2016.07.09"]

1. c4 e5 2. g3 Nf6 3. Bg2 d6 4. Nc3 Nbd7 5. e3 g6 6. Nge2 Bg7 7. Rb1 O-O 8. b4
Re8 9. d3 h5 10. a4 a6 11. Ba3 Nf8 12. Qb3 N8h7 13. b5 h4 14. h3 Bh6 15. Bb4 a5
16. Ba3 Rb8 17. Nd5 Nxd5 18. cxd5 hxg3 19. Nxg3 Qh4 20. Ke2 f5 21. Rhg1 Nf6 22.
b6 c5 23. dxc6+ Be6 24. Qc3 bxc6 25. Bxd6 Rbd8 26. Bxe5 Nd5 27. Bxd5 Bxd5 28.
Bf6 Qxh3 29. Bxd8 Bxe3 30. fxe3 Qh2+ 31. Kf1 Rxe3 32. Rb2 Rf3+ 33. Ke1 Qxg1+ 34.
Kd2 Rxg3 35. Qe5 Rg2+ 36. Kc3 Qc5# 0-1

[Event "44th Sparkassen Open"]
[Site "Dortmund GER"]
[Date "2016.07.12"]
[Round "4.1"]
[White "Zolfagharian, Kevin"]
[Black "Dann, Matthias"]
[Result "0-1"]
[BlackTitle "IM"]
[WhiteElo "2130"]
[BlackElo "2482"]
[WhiteFideId "12933570"]
[BlackFideId "24638056"]
[EventDate "2016.07.09"]

1. e4 e6 2. Nf3 d5 3. Nc3 d4 4. Ne2 c5 5. Ng3 a6 6. Be2 Nc6 7. d3 Bd6 8. Nh5 g6
9. Nf4 Nf6 10. h4 Qc7 11. g3 e5 12. Ng2 h6 13. Nh2 Be6 14. h5 Nxh5 15. Bxh5 gxh5
16. Bd2 O-O-O 17. Nh4 c4 18. Qxh5 Nb4 19. Bxb4 Bxb4+ 20. Kd1 Kb8 21. N2f3 cxd3
22. cxd3 Rc8 23. Qxe5 Bd6 24. Qxd4 Qc2+ 25. Ke1 Rhd8 26. Kf1 Bxg3 27. Ne1 Qc7
28. Qe3 Be5 29. Qe2 Qd7 30. Neg2 Bg4 31. Qd2 h5 32. f3 Bh3 33. f4 Bd4 34. f5 Bg4
35. Ne3 Rg8 36. Nxg4 Rxg4 37. Nf3 Rcg8 38. Rd1 Ka8 39. Qb4 Ba7 0-1

[Event "44th Sparkassen Open"]
[Site "Dortmund GER"]
[Date "2016.07.12"]
[Round "4.2"]
[White "Hausrath, Daniel"]
[Black "Sorokin, Aleksey"]
[Result "1-0"]
[WhiteTitle "GM"]
[BlackTitle "FM"]
[WhiteElo "2483"]
[BlackElo "2413"]
[WhiteFideId "4617495"]
[BlackFideId "24176460"]
[EventDate "2016.07.09"]

1. Nf3 Nf6 2. c4 g6 3. Nc3 d5 4. cxd5 Nxd5 5. Qc2 Bg7 6. e4 Nxc3 7. dxc3 O-O 8.
Bf4 c6 9. Bc4 b5 10. Be2 Nd7 11. O-O e5 12. Bg5 f6 13. Be3 Bb7 14. a4 a6 15. c4
b4 16. c5 a5 17. Rfd1 Qc7 18. Rd6 Kh8 19. Rad1 Rf7 20. Bc4 Re7 21. Nd2 Nf8 22.
Nb3 Rae8 23. h4 Bc8 24. R1d2 Ne6 25. Qd1 Rf7 26. f3 Bf8 27. Rxc6 Qxc6 28. Bb5
Qa8 29. Bxe8 Rc7 30. c6 Kg7 31. Bd7 Be7 32. Bxc8 Rxc8 33. Rd7 Kf8 34. Bh6+ 1-0

[Event "44th Sparkassen Open"]
[Site "Dortmund GER"]
[Date "2016.07.12"]
[Round "4.3"]
[White "Lupor, Stefan"]
[Black "Pap, Misa"]
[Result "0-1"]
[WhiteTitle "FM"]
[BlackTitle "GM"]
[WhiteElo "2310"]
[BlackElo "2487"]
[WhiteFideId "4685806"]
[BlackFideId "921610"]
[EventDate "2016.07.09"]

1. e4 c5 2. Nf3 Nc6 3. Bb5 g6 4. Bxc6 dxc6 5. d3 Bg7 6. h3 b6 7. O-O e5 8. a4 a5
9. Na3 f6 10. Nc4 Be6 11. b3 Ne7 12. Be3 O-O 13. Qe2 g5 14. Nh2 Ng6 15. Rad1 Qc7
16. c3 b5 17. Nd2 Rad8 18. axb5 cxb5 19. c4 b4 20. Rfe1 Rfe8 21. Ndf1 Nf4 22.
Qc2 Bf8 23. Ng3 Qd7 24. Bc1 a4 25. bxa4 Ra8 26. Nf5 Bxf5 27. exf5 Qxf5 28. Ng4
Red8 29. Bxf4 gxf4 30. Re4 Ra6 31. g3 h5 32. Nh2 fxg3 33. fxg3 Qxh3 34. Kh1 Rd4
35. Rxd4 exd4 36. Qf2 Qd7 37. Re1 Qc6+ 38. Kg1 Bh6 39. Nf1 Qd7 40. Qf3 Bg5 41.
Qxh5 Re6 42. Qg6+ Kh8 43. Qh5+ Kg7 44. Qg4 Re7 45. Rxe7+ Qxe7 46. Qd1 Qc7 47.
Kf2 Kg6 48. Kg1 Qb8 49. Qb3 Be3+ 50. Kh2 Qh8+ 51. Kg2 Qa8+ 52. Kh2 Qf3 53. Qb1
b3 54. a5 Qe2+ 55. Kh3 Qc2 56. Qe1 Qxd3 57. a6 b2 58. a7 b1=Q 59. Qxb1 Qxb1 60.
a8=Q Qxf1+ 0-1

[Event "44th Sparkassen Open"]
[Site "Dortmund GER"]
[Date "2016.07.12"]
[Round "4.4"]
[White "Podzielny, Karl-Heinz"]
[Black "Ries, Benjamin"]
[Result "0-1"]
[WhiteTitle "IM"]
[WhiteElo "2400"]
[BlackElo "2173"]
[WhiteFideId "4600215"]
[BlackFideId "4663802"]
[EventDate "2016.07.09"]

1. Nf3 d5 2. c4 c6 3. b3 Nf6 4. Bb2 Bf5 5. e3 e6 6. Nc3 Nbd7 7. Be2 h6 8. d3 Bc5
9. a3 a5 10. Na4 Bd6 11. Nd4 Bh7 12. cxd5 exd5 13. h4 Qe7 14. g4 Bg6 15. h5 Bh7
16. Rg1 Ne5 17. Nf5 Bxf5 18. gxf5 b5 19. d4 bxa4 20. dxe5 Bxe5 21. Qc2 O-O 22.
bxa4 Rab8 23. Bxe5 Qxe5 24. Rc1 Ne4 25. Rf1 Rfc8 26. Bf3 Rb2 27. Qd3 Rd2 28. Qa6
Qb2 29. Qxc8+ Kh7 30. Qxc6 Re2+ 0-1

[Event "44th Sparkassen Open"]
[Site "Dortmund GER"]
[Date "2016.07.12"]
[Round "4.5"]
[White "Schmittdiel, Eckhard"]
[Black "Steinle, Carsten"]
[Result "1/2-1/2"]
[WhiteTitle "GM"]
[WhiteElo "2449"]
[BlackElo "2141"]
[WhiteFideId "4600096"]
[BlackFideId "24676462"]
[EventDate "2016.07.09"]

1. c4 e6 2. Nf3 b6 3. e4 Bb7 4. Nc3 Nf6 5. e5 Ne4 6. Nxe4 Bxe4 7. Be2 Be7 8. O-O
O-O 9. d4 d5 10. Nd2 Nc6 11. Nxe4 dxe4 12. Be3 Qd7 13. Bg4 Rad8 14. Qc2 Nxd4 15.
Qxe4 Qc6 16. Qxc6 Nxc6 17. f4 Nb4 18. Rad1 a5 19. a3 Nc2 20. Bf2 Bc5 21. Rxd8
Rxd8 22. Rd1 Rxd1+ 23. Bxd1 Ne3 24. Be2 a4 25. g4 h6 26. h3 g5 27. fxg5 hxg5 28.
Kh1 Kg7 29. h4 gxh4 30. Bxh4 Bd4 31. Bg5 Nc2 32. Bd1 Ne1 33. Bf6+ Kf8 34. Bxa4
Bxb2 35. Bc6 Nd3 36. Kg2 Bxe5 37. Be4 Bxf6 38. Bxd3 Ke7 39. Bh7 Bb2 40. a4 f6
41. Bg8 Kd6 42. Kf3 Bc1 43. Ke4 Bb2 44. Bf7 Ba1 45. Bg8 Bb2 46. Bf7 Bc1 47. Bg8
Bh6 48. Bf7 e5 49. Kd3 Kc5 50. Bd5 Bf4 51. Be4 1/2-1/2